Statistics for Patronymics

Click here to take the quiz!

General Stats

  • This quiz has been taken 14 times
  • The average score is 11 of 16

Answer Stats

HintAnswer% Correct
Di PietroItalian
100%
Ibn ButrusArabic
100%
MacPeadarScottish or Irish
100%
PérezSpanish
91%
PetrescuRomanian
91%
PetersenDanish, Norwegian or Swedish
91%
PetrovićSerbo-Croatian
82%
PiotrowskiPolish
82%
PietersDutch
82%
PerraultFrench
73%
PetersonEnglish
73%
PiresPortuguese
45%
PetrovRussian or Bulgarian
36%
PerisCatalan
36%
PetrosyaArmenian
27%
PetrovskiMacedonian
27%

Score Distribution

Percentile by Number Answered

Percent of People with Each Score

Your Score History

You have not taken this quiz